书目信息 |
| 题名: |
停战谈判资料
|
|
| 作者: | 卓兆恒 编 | |
| 分册: | ||
| 出版信息: | 成都 四川人民出版社 1981 |
|
| 页数: | 502页 | |
| 开本: | 19cm | |
| 丛书名: | ||
| 单 册: | ||
| 中图分类: | K266.06 | |
| 科图分类: | ||
| 主题词: | 国共谈判(1945~1947)--史料 | |
| 电子资源: | ||
| ISBN: | ||
| 000 | 00639nam0 2200229 45 | |
| 001 | 0181009886 | |
| 005 | 20060426153549.68 | |
| 010 | @dCNY1.35 | |
| 091 | @a11118.65 | |
| 100 | @a19950407d1981 em y0chiy0121 ea | |
| 101 | 0 | @achi |
| 102 | @aCN@b510000 | |
| 105 | @ay z 000yy | |
| 200 | 10 | @a停战谈判资料@Ating zhan tan pan zi liao@f卓兆恒等编@Fzhuo zhao heng deng bian |
| 210 | @a成都@c四川人民出版社@d1981 | |
| 215 | @a502页@d19cm | |
| 606 | @a国共谈判(1945~1947)@x史料 | |
| 690 | @aK266.06@v3 | |
| 701 | 0 | @a卓兆恒@Azhuo zhao heng@4编 |
| 801 | 2 | @aCN@bNLC@c20060426 |
| 801 | 0 | @aCN@b上海图书馆@c20040105 |
| 905 | @dK266.06@e23 | |
| 停战谈判资料/卓兆恒等编.-成都:四川人民出版社,1981 |
| 502页;19cm |
| ISBN :CNY1.35 |
| ● |
| 相关链接 |
|
|
|
|
正题名:停战谈判资料
索取号:K266.06/23
 
预约/预借
| 序号 | 登录号 | 条形码 | 馆藏地/架位号 | 状态 | 备注 |
| 1 | 0171265 | 000354333 | 第二样本阅览室/ [索取号:K266.06/23] | 在馆 | |
| 2 | 0171266 | 000354379 | 第二借阅区/ [索取号:K266.06/23] | 在馆 | |
| 3 | 0171267 | 202290902 | 密集书库/ [索取号:K266.06/23] | 在馆 | |
| 4 | 0217976 | 001856334 | 密集书库/ [索取号:K266.06/23] | 在馆 | |
| 5 | 0217977 | 001856325 | 密集书库/ [索取号:K266.06/23] | 在馆 | |
| 6 | 0217978 | 001856343 | 密集书库/ [索取号:K266.06/23] | 在馆 |